000 01411nam a2200325Ia 4500
001 ebr10380797
003 CaPaEBR
006 m u
007 cr cn|||||||||
008 060622s2006 dcua sb i000 0 eng d
040 _aCaPaEBR
_cCaPaEBR
035 _a(OCoLC)694141069
050 1 4 _aHG4981
_b.M57 2006eb
100 1 _aMishra, Prachi,
_d1975-
245 1 0 _aEmigration and wages in source countries
_h[electronic resource] :
_bevidence from Mexico /
_cPrachi Mishra.
260 _a[Washington, D.C.] :
_bInternational Monetary Fund, Western Hemisphere Dept.,
_c2006.
300 _a33 p. :
_bill.
490 1 _aIMF working paper ;
_vWP/06/86
500 _a"March 2006."
504 _aIncludes bibliographical references.
533 _aElectronic reproduction.
_bPalo Alto, Calif. :
_cebrary,
_d2011.
_nAvailable via World Wide Web.
_nAccess may be limited to ebrary affiliated libraries.
650 0 _aWage differentials
_zMexico
_xEconometric models.
650 0 _aWages
_zMexico
_xEconometric models.
651 0 _aMexico
_xEmigration and immigration
_xEconometric models.
655 7 _aElectronic books.
_2local
710 2 _aInternational Monetary Fund.
_bWestern Hemisphere Dept.
710 2 _aebrary, Inc.
830 0 _aIMF working paper ;
_vWP/06/86.
856 4 0 _uhttp://site.ebrary.com/lib/rucke/Doc?id=10380797
_zAn electronic book accessible through the World Wide Web; click to view
999 _c102794
_d102794